[Event "Oberliga Ost-B 0910"]
[Site "Germany"]
[Date "2010.04.10"]
[Round "10.7"]
[White "Cammarata, Mattia"]
[Black "Oparaugo, Thomas"]
[Result "0-1"]
[WhiteElo "1608"]
[BlackElo "2108"]
[PlyCount "128"]
[EventDate "2009.10.18"]
[EventType "team-tourn"]
[EventRounds "11"]
[EventCountry "GER"]
[SourceTitle "EXT 2011"]
[Source "ChessBase"]
[SourceDate "2010.11.26"]
[SourceVersion "1"]
[SourceVersionDate "2010.11.26"]
[SourceQuality "1"]
[WhiteTeam "Steinbach"]
[BlackTeam "Oberursel"]
[WhiteTeamCountry "GER"]
[BlackTeamCountry "GER"]

1. d4 Nf6 2. Nf3 d5 3. Bf4 c6 4. e3 Qb6 5. Qc1 Bf5 6. Nbd2 h6 7. c4 Nbd7 8. h3 e6 9. c5 Qd8 10. Qc3 b6 11. b4 bxc5 12. bxc5 a5 13. Bd3 Bxd3 14. Qxd3 Be7 15. 0-0 0-0 16. Rab1 a4 17. Rb7 Bxc5 18. Rxd7 Nxd7 19. dxc5 Nxc5 20. Qc2 Ra5 21. Ne5 Qb6 22. Ndf3 f6 23. Ng6 Rd8 24. Ne7+ Kf8 25. Ng6+ Kf7 26. Rc1 Ne4 27. Qxc6 Qxc6 28. Nge5+ fxe5 29. Nxe5+ Kf6 30. Rxc6 Rc5 31. Ng4+ Ke7 32. Ra6 Rc1+ 33. Kh2 Nc5 34. Ra5 Rd7 35. Ne5 Rb7 36. Nc6+ Kd7 37. Ne5+ Ke7 38. Nc6+ Kf6 39. Be5+ Kg6 40. Bd6 Ne4 41. Ne5+ Kf5 42. g4+ Kf6 43. Nd3 Rd1 44. Be5+ Kf7 45. Nc5 Nxc5 46. Rxc5 Rd2 47. Kg3 Rxa2 48. Ra5 g5 49. Ra8 a3 50. Rh8 Rbb2 51. Bxb2 Rxb2 52. Ra8 a2 53. f4 Ke7 54. Ra6 Kd7 55. f5 e5 56. h4 e4 57. Ra7+ Kd6 58. Ra6+ Ke5 59. f6 Re2 60. hxg5 hxg5 61. f7 Rxe3+ 62. Kf2 Rf3+ 63. Ke2 Rxf7 64. Rxa2 Rf4 0-1

[Event "Frankfurt-ch"]
[Site "Frankfurt"]
[Date "2008.06.16"]
[Round "7"]
[White "Cammarata, Mattia"]
[Black "Popp, Matthias"]
[Result "0-1"]
[WhiteElo "1691"]
[BlackElo "1538"]
[PlyCount "64"]
[EventDate "2008.04.28"]
[EventType "swiss"]
[EventRounds "7"]
[EventCountry "GER"]
[SourceTitle "EXT 2009"]
[Source "ChessBase"]
[SourceDate "2008.11.26"]
[SourceVersion "1"]
[SourceVersionDate "2008.11.26"]
[SourceQuality "1"]

1. d4 Nf6 2. Nc3 d6 3. e4 e5 4. d5 c6 5. Bg5 Nbd7 6. Bd3 Be7 7. Qd2 0-0 8. f4 Nc5 9. fxe5 dxe5 10. Bxf6 Bxf6 11. Bc4 b5 12. Qe3 Be7 13. Bd3 b4 14. Nce2 cxd5 15. exd5 Qxd5 16. Rd1 Qxg2 17. Qxe5 Bh4+ 18. Kd2 Nxd3 19. cxd3 Qxh1 20. Nh3 Qf3 21. Rg1 Bf6 22. Qd6 Bxh3 23. Rg3 Qf5 24. Qxb4 Rfd8 25. a3 Bf1 26. Qb7 Bxe2 27. Kxe2 Bd4 28. Rf3 Qe6+ 29. Kf1 Rab8 30. Qc7 Rdc8 31. Qa5 Rc1+ 32. Kg2 Rg1# 0-1

[Event "Frankfurt-ch"]
[Site "Frankfurt"]
[Date "2008.04.28"]
[Round "1"]
[White "Cammarata, Mattia"]
[Black "Svitek, Volker"]
[Result "0-1"]
[WhiteElo "1691"]
[BlackElo "2104"]
[PlyCount "68"]
[EventDate "2008.04.28"]
[EventType "swiss"]
[EventRounds "7"]
[EventCountry "GER"]
[SourceTitle "EXT 2009"]
[Source "ChessBase"]
[SourceDate "2008.11.26"]
[SourceVersion "1"]
[SourceVersionDate "2008.11.26"]
[SourceQuality "1"]

1. d4 d5 2. c4 c6 3. Nc3 Nf6 4. Bf4 dxc4 5. e4 b5 6. Nf3 e6 7. a3 Be7 8. b3 cxb3 9. Qxb3 0-0 10. Bd3 Bb7 11. 0-0 a6 12. Rfd1 Nbd7 13. Rac1 c5 14. Qb1 h6 15. dxc5 Bxc5 16. Nxb5 axb5 17. Bxb5 Bxe4 18. Bd3 Bxd3 19. Rxd3 Nd5 20. Ne5 Nxe5 21. Bxe5 Bd6 22. Bb2 Qe7 23. Re1 Qg5 24. g3 Rfb8 25. Qc2 Qf5 26. Bc1 Bxa3 27. Qe2 Bxc1 28. Rxc1 Ra2 29. Qf3 Qxf3 30. Rxf3 Rab2 31. Kg2 R2b3 32. Rc8+ Rxc8 33. Rxb3 g5 34. Rf3 Rc3 0-1